ឃ្មុំ / (Record no. 8514)
[ view plain ]
| 000 -LEADER | |
|---|---|
| fixed length control field | 01987nam a22003017a 4500 |
| 001 - CONTROL NUMBER | |
| control field | 8514 |
| 003 - CONTROL NUMBER IDENTIFIER | |
| control field | FISKH |
| 005 - DATE AND TIME OF LATEST TRANSACTION | |
| control field | 20250917100441.0 |
| 008 - FIXED-LENGTH DATA ELEMENTS--GENERAL INFORMATION | |
| fixed length control field | 250917b cb ||||| |||| 00| 0 eng d |
| 020 ## - INTERNATIONAL STANDARD BOOK NUMBER | |
| International Standard Book Number | 9789995053963 |
| 040 ## - CATALOGING SOURCE | |
| Original cataloging agency | FISKH |
| Language of cataloging | khr |
| Transcribing agency | FISKH |
| Modifying agency | FISKH |
| 050 ## - LIBRARY OF CONGRESS CALL NUMBER | |
| Classification number | PZ7 |
| 082 ## - DEWEY DECIMAL CLASSIFICATION NUMBER | |
| Classification number | 590 |
| 100 ## - MAIN ENTRY--PERSONAL NAME | |
| Personal name | Pisotheary, Keo |
| 245 ## - TITLE STATEMENT | |
| Title | ឃ្មុំ / |
| Statement of responsibility, etc. | អ្នកនិពន្ធ អ្នកស្រី កែវ ពិសុទ្ធារី , វិចិត្រករ លោក កែវ ផុនផល្លា |
| 260 ## - PUBLICATION, DISTRIBUTION, ETC. | |
| Place of publication, distribution, etc. | Phnom Penh : |
| Name of publisher, distributor, etc. | Room to Read , |
| Date of publication, distribution, etc. | 2011. |
| 300 ## - PHYSICAL DESCRIPTION | |
| Extent | 10 pages : |
| Other physical details | color illustrations ; |
| Dimensions | 27 cm . |
| 505 ## - FORMATTED CONTENTS NOTE | |
| Formatted contents note | E <br/> |
| 520 ## - SUMMARY, ETC. | |
| Summary, etc. | នៅពេលដែលកុមារពីរនាក់នាំគ្នាទៅរុកសម្បុកឃ្មុំលេង ឃ្មុំទាំងអស់ក៏ហើរចេញពីសម្បុក ៕ កុមារទាំងពីរឃើញដូច្នេះ ក៏នាំគ្នារត់គេចពីសត្វឃ្មុំ ដោយយកក្រមារមករុំផង នាំគ្នាហក់ចូលទឹកបឹងផង ប៉ុន្តែឃ្មុំនៅតែតាមមកពីក្រោយកុមារទាំងពីរ ។ តើធ្វើយ៉ាងណាទើបកុមារទាំងពីរ អាចរត់ចេញពីសត្វឃ្មុំបាន ។ |
| 520 ## - SUMMARY, ETC. | |
| Summary, etc. | When two children poke a beehieve, a swarn of bees flies out . To escape the bees the children wrap themselves in scarves and plung into the lake. But the bees continue to chase after them. How will the children escape? |
| 521 8# - TARGET AUDIENCE NOTE | |
| Target audience note | 250 <br/> |
| Source | Lexile estimate <br/> |
| 521 8# - TARGET AUDIENCE NOTE | |
| Target audience note | E <br/> |
| Source | Raz-Plus <br/> |
| 650 ## - SUBJECT ADDED ENTRY--TOPICAL TERM | |
| Topical term or geographic name entry element | ឃ្មុំ |
| Form subdivision | រឿងនិទានកុមារ |
| 650 ## - SUBJECT ADDED ENTRY--TOPICAL TERM | |
| Topical term or geographic name entry element | Bees |
| Form subdivision | Children's story |
| 700 ## - ADDED ENTRY--PERSONAL NAME | |
| Personal name | Phunphalla, Keo |
| Relator term | Illustrator |
| 942 ## - ADDED ENTRY ELEMENTS (KOHA) | |
| Source of classification or shelving scheme | Dewey Decimal Classification |
| Koha item type | Books |
| Suppress in OPAC | No |
| Withdrawn status | Lost status | Source of classification or shelving scheme | Damaged status | Not for loan | Collection | Home library | Current library | Shelving location | Date acquired | Total Checkouts | Full call number | Barcode | Date last seen | Date last checked out | Price effective from | Koha item type |
|---|---|---|---|---|---|---|---|---|---|---|---|---|---|---|---|---|
| Dewey Decimal Classification | Khmer-English Bilingual / ភាសាខ្មែរ-អង់គ្លេស | Footprints International School Library Network Toul Tom Poung Campus | Footprints International School Library Network Toul Tom Poung Campus | TTP Primary Green Bookshelves | 09/17/2025 | 1 | PIS PZ7 590 | FISBK04309 | 01/19/2026 | 01/14/2026 | 09/17/2025 | Khmer Books |
